Novedades fiscales del 2007

Bibliographic Details
Other Authors: Marn̕ Lama, Carlos
Format: Unknown
Language:Spanish
Published: [Barcelona][etc.] : Planificacin̤ Jurd̕ica, 2007
Subjects:
Online Access:Acceso restringido

MARC

LEADER 00000ny a22000003n 4500
005 20110520140657.0
008 080702s2007 sp s 000 0 spa c
020 |a 8493463442 
035 |a 1758 
040 |a UMA.RE  |d vLex 
080 |a 336.22(460)"2007"(0.034) 
090 |c 118  |d 118 
245 0 0 |a Novedades fiscales del 2007  |h [Recurso electrn̤ico]  |c Carlos Marn̕ Lama ... [et al.] 
256 |a Servicio en ln̕ea 
260 |a [Barcelona][etc.] :  |b Planificacin̤ Jurd̕ica,  |c 2007 
506 1 |a Contenido solo disponible en los productos indicados  |d vLex Global  |d vLex Global (Academic Edition, excluding Law Schools)  |d vLex Global (U.S. Academic Edition, Law Schools)  |d vLex Global (U.S. Academic Edition, excluding Law Schools)  |d vLex Global (Academic Edition, Law Schools) 
650 0 7 |a Tributario  |2 Tesauro vLex 
650 0 7 |a Derecho tributario  |2 Tesauro vLex 
650 0 7 |a Derecho fiscal  |2 Tesauro vLex 
700 1 |a Marn̕ Lama, Carlos 
740 0 |a vLex Libros (Servicios en ln̕ea) 
856 4 0 |u http://vlex.com/source/1758  |z Acceso restringido 
942 |c BOOK 
999 0 |a Taxation  |b Spain